Normal view
MARC view
Entry Personal Name
001 - CONTROL NUMBER
- control field: 42963
003 - CONTROL NUMBER IDENTIFIER
- control field: ARRUPE
005 - DATE AND TIME OF LATEST TRANSACTION
- control field: 20181016112426.0
008 - FIXED-LENGTH DATA ELEMENTS
- fixed length control field: 181016|| aca||aabn | a|a d
040 ## - CATALOGING SOURCE
- Original cataloging agency: ARRUPE
- Transcribing agency: ARRUPE
100 ## - HEADING--PERSONAL NAME
- Personal name: Jesus Christ
- General subdivision: Person and offices.
670 ## - SOURCE DATA FOUND
- Source citation: Work cat.: (ARRUPE)0: Galot, Jean. 42962, Who is Christ? :, c1980.